Reconciling enemy states in Europe and Asia / (Record no. 14978)

000 -LEADER
fixed length control field 01847cam a22003854i 4500
001 - CONTROL NUMBER
control field 17195215
005 - DATE AND TIME OF LATEST TRANSACTION
control field 20170105102908.0
008 - FIXED-LENGTH DATA ELEMENTS--GENERAL INFORMATION
fixed length control field 120305s2012 enk b 001 0 eng
010 ## - LIBRARY OF CONGRESS CONTROL NUMBER
LC control number 2012009528
020 ## - INTERNATIONAL STANDARD BOOK NUMBER
International Standard Book Number 9780230295438
040 ## - CATALOGING SOURCE
Original cataloging agency DLC
Language of cataloging eng
Transcribing agency DLC
Description conventions rda
Modifying agency DLC
042 ## - AUTHENTICATION CODE
Authentication code pcc
043 ## - GEOGRAPHIC AREA CODE
Geographic area code e-----
-- a-----
050 00 - LIBRARY OF CONGRESS CALL NUMBER
Classification number JZ6010
Item number .H45 2012
082 00 - DEWEY DECIMAL CLASSIFICATION NUMBER
Classification number 327.1/72095
Edition number 23
084 ## - OTHER CLASSIFICATION NUMBER
Classification number POL009000
-- POL011010
-- POL034000
-- POL040020
-- POL012000
Number source bisacsh
100 1# - MAIN ENTRY--PERSONAL NAME
Personal name Heo, Seunghoon Emilia,
Dates associated with a name 1970-
245 10 - TITLE STATEMENT
Title Reconciling enemy states in Europe and Asia /
Statement of responsibility, etc. Seunghoon Emilia Heo, the University of Tokyo and United Nations University, Japan.
300 ## - PHYSICAL DESCRIPTION
Extent xii, 194 pages :
Other physical details illustrations ;
Dimensions 23 cm.
490 0# - SERIES STATEMENT
Series statement International relations and development series
504 ## - BIBLIOGRAPHY, ETC. NOTE
Bibliography, etc. note Includes bibliographical references (pages 159-180) and index.
650 #0 - SUBJECT ADDED ENTRY--TOPICAL TERM
Topical term or geographic name entry element Reconciliation
General subdivision History.
650 #0 - SUBJECT ADDED ENTRY--TOPICAL TERM
Topical term or geographic name entry element Pacific settlement of international disputes
General subdivision History.
650 #0 - SUBJECT ADDED ENTRY--TOPICAL TERM
Topical term or geographic name entry element Peace-building
Geographic subdivision Europe
General subdivision History.
650 #0 - SUBJECT ADDED ENTRY--TOPICAL TERM
Topical term or geographic name entry element Peace-building
Geographic subdivision Asia
General subdivision History.
650 #7 - SUBJECT ADDED ENTRY--TOPICAL TERM
Topical term or geographic name entry element POLITICAL SCIENCE / Government / Comparative.
Source of heading or term bisacsh
650 #7 - SUBJECT ADDED ENTRY--TOPICAL TERM
Topical term or geographic name entry element POLITICAL SCIENCE / International Relations / Diplomacy.
Source of heading or term bisacsh
650 #7 - SUBJECT ADDED ENTRY--TOPICAL TERM
Topical term or geographic name entry element POLITICAL SCIENCE / Peace.
Source of heading or term bisacsh
650 #7 - SUBJECT ADDED ENTRY--TOPICAL TERM
Topical term or geographic name entry element POLITICAL SCIENCE / Government / International.
Source of heading or term bisacsh
650 #7 - SUBJECT ADDED ENTRY--TOPICAL TERM
Topical term or geographic name entry element POLITICAL SCIENCE / Political Freedom & Security / International Security.
Source of heading or term bisacsh
856 42 - ELECTRONIC LOCATION AND ACCESS
Materials specified Cover image
Uniform Resource Identifier <a href="http://www.netread.com/jcusers2/bk1388/438/9780230295438/image/lgcover.9780230295438.jpg">http://www.netread.com/jcusers2/bk1388/438/9780230295438/image/lgcover.9780230295438.jpg</a>
906 ## - LOCAL DATA ELEMENT F, LDF (RLIN)
a 7
b cbc
c orignew
d 1
e ecip
f 20
g y-gencatlg
942 ## - ADDED ENTRY ELEMENTS (KOHA)
Source of classification or shelving scheme
Koha item type Book
Holdings
Withdrawn status Lost status Damaged status Not for loan Collection code Permanent Location Current Location Shelving location Date acquired Total Checkouts Full call number Barcode Date last seen Price effective from Koha item type
          Centre for International Peace & Stability (CIPS) Centre for International Peace & Stability (CIPS) General Stacks 10/01/2013   327.172095 EMI 2012 CIPS0001456 10/24/2013 10/24/2013 Book
© 2023 Central Library, National University of Sciences and Technology. All Rights Reserved.